|
|
|
|
| LEADER |
00000nam0a2200000 4500 |
| 001 |
375521 |
| 005 |
20231101051614.0 |
| 010 |
|
|
|a 5020139823
|
| 020 |
|
|
|a RU
|b 89-67654
|
| 035 |
|
|
|a (RuTPU)RU\TPU\retro\32960
|
| 035 |
|
|
|a RU\TPU\book\227005
|
| 090 |
|
|
|a 375521
|
| 100 |
|
|
|a 20221220d1989 km y0rusy5003 ca
|
| 101 |
0 |
|
|a rus
|
| 102 |
|
|
|a RU
|
| 105 |
|
|
|a a z 001zy
|
| 200 |
1 |
|
|a Язык программирования эль-76. Принципы построения языка и руководство к пользованию
|f В. М. Пентковский
|
| 205 |
|
|
|a 2-е изд., испр. и доп.
|
| 210 |
|
|
|a Москва
|c Наука
|d 1989
|
| 215 |
|
|
|a 366 с.
|c схем.
|
| 225 |
1 |
|
|a Библиотечка программиста
|
| 300 |
|
|
|a Рез.: англ.
|
| 305 |
|
|
|a Загл. 1-го изд.: Автокод эльбрус "эль-76"
|
| 320 |
|
|
|a Библиогр.: с. 356-362.
|
| 320 |
|
|
|a Предм. указ.: с. 363-365.
|
| 610 |
1 |
|
|a языки программирования
|
| 610 |
1 |
|
|a Эль-76
|
| 610 |
1 |
|
|a разработка
|
| 610 |
1 |
|
|a архитектура
|
| 610 |
1 |
|
|a ЭВМ
|
| 610 |
1 |
|
|a электронные вычислительные машины
|
| 610 |
1 |
|
|a внешние объекты
|
| 610 |
1 |
|
|a атрибуты
|
| 610 |
1 |
|
|a базовые конструкции
|
| 675 |
|
|
|a 681.3.06
|z rus
|v 3
|
| 700 |
|
1 |
|a Пентковский
|b В. М.
|g Владимир Мстиславович
|4 070
|
| 801 |
|
0 |
|a RU
|b RuMRKP
|c 19950417
|g psbo
|
| 801 |
|
1 |
|a RU
|b 63413507
|c 20120131
|
| 801 |
|
2 |
|a RU
|b 63413507
|c 20221220
|g RCR
|
| 942 |
|
|
|c BK
|